1112 1136 1846 1459 1424 1780 1521 1403 1958 1756 1499 1310 1828 1872 1262 1021 1055 1907 1772 1004 1070 1480 1990 1673 1106 1729 1530 1212 1220 1171 1287 1859 1350 1245 1131 1317 1033 1793 1680 1971 1895 1392 1739 1782 1688 1442 1145 1318 1065 1618 1813 1398 1732 1869 1657 1197 1539 1976 1194 1237 1711 1857 1980 1352 1738 1241 1906 1395 1831 1049 1103 1038 1838 1922 1772 1914 1839 1339 1946 1864 1662 1233 1744 1206 1893 1062 1503 1640 1116 1372 1721 1370 1055 1377 1401 1684 1345 1632 1546 BCNSPRNW ULIB Ver.6.0+V

เปลี่ยนเป็นภาษาไทย

Change to English
 แสดงรายละเอียดบรรณานุกรม
  กลับหน้าหลัก

Brief Record : Get Marc (ISO 2709) : E-mail record : QR code < ปิดหน้าต่าง
LEADER : 00000nam 2200000uu 4500
001    13399111892
003     ULIB
008    110711s2545||||th 000 0 tha d
050 04 DS589N4^bน127น 2545
100 0  ทวีศักด์ วัฒนธรรมรักษศ์
245 10 นครสวรรค์ /^cทวีศักด์ วัฒนธรรมรักษศ์
260    กรุงเทพฯ :^bบริษัท ลีโอ แอนเซ็ทจำกัด,^c2545
300    199 หน้า :^bภาพประกอบสี,^c21 ซม
650  7 นครสวรรค์^xประวัติ
945    ^p0^l0^i015812
995    ทศพร
999 ^a ใช้งานได้ทุกระบบ
รายการนี้ยังไม่มีแท็ก
คุณยังไม่ได้ล็อกอิน คุณสามารถมีกิจกรรมร่วมกับเว็บไซต์ได้ แต่ต้องล็อกอินก่อน ::
  ล็อกอิน

รายการสื่อสารสนเทศ

ลำดับที่ ประเภท เลขเรียก/บาร์โค้ด สถานที่ สถานะ
- ไม่พบข้อมูล -

BibComment


ยังไม่เคยถูกคอมเมนท์

คอมเมนท์ทรัพยากรรายการนี้
  คอมเมนท์: นครสวรรค์ ทวีศัก..


 Copyright 2026. Bcnsprnw @Library